Bailey & Love's Short practice of surgery ( vol.I ) (Record no. 3603)
[ view plain ]
| 000 -LEADER | |
|---|---|
| fixed length control field | 01007nac a22002771u 4500 |
| 010 ## - LIBRARY OF CONGRESS CONTROL NUMBER | |
| LC control number | 75596096 |
| 020 ## - INTERNATIONAL STANDARD BOOK NUMBER | |
| International Standard Book Number | 0718604032 : |
| 082 00 - DEWEY DECIMAL CLASSIFICATION NUMBER | |
| Classification number | 617 |
| Item number | B1511 |
| 090 ## - LOCALLY ASSIGNED LC-TYPE CALL NUMBER (OCLC); LOCAL CALL NUMBER (OCLC) | |
| -- | 3603 |
| -- | 3603 |
| 100 ## - MAIN ENTRY--PERSONAL NAME | |
| Personal name | Bailey, Hamilton, |
| 245 10 - TITLE STATEMENT | |
| Title | Bailey & Love's Short practice of surgery ( vol.I ) |
| Number of part/section of a work | 1 |
| 250 ## - EDITION STATEMENT | |
| Edition statement | 16th ed. / |
| Remainder of edition statement | revised by A. J. Harding Rains and H. David Ritchie. |
| 260 ## - PUBLICATION, DISTRIBUTION, ETC. (IMPRINT) | |
| Place of publication, distribution, etc | London : |
| Name of publisher, distributor, etc | H. K. Lewis,1975 |
| Date of publication, distribution, etc | 1975. |
| 300 ## - PHYSICAL DESCRIPTION | |
| Extent | xii, 1308 p., vol. I : |
| Other physical details | ill. (some col. ) ; |
| Dimensions | 26 cm. |
| 500 ## - GENERAL NOTE | |
| General note | Includes index. |
| 500 ## - GENERAL NOTE | |
| General note | Donations |
| 500 ## - GENERAL NOTE | |
| General note | Donations-Bibliotheca Alexandrina |
| 650 #0 - SUBJECT ADDED ENTRY--TOPICAL TERM | |
| Topical term or geographic name as entry element | Surgery. |
| 650 #0 - SUBJECT ADDED ENTRY--TOPICAL TERM | |
| Topical term or geographic name as entry element | Surgery. |
| 700 1# - ADDED ENTRY--PERSONAL NAME | |
| Personal name | Love, R. J. McNeill |
| Fuller form of name | (Robert John McNeill), |
| Dates associated with a name | 1891- |
| 700 1# - ADDED ENTRY--PERSONAL NAME | |
| Personal name | Rains, A. J. Harding |
| Fuller form of name | (Anthony John Harding) |
| 700 1# - ADDED ENTRY--PERSONAL NAME | |
| Personal name | Ritchie, H. David |
| Fuller form of name | (Horace David) |
| 740 0# - ADDED ENTRY--UNCONTROLLED RELATED/ANALYTICAL TITLE | |
| Uncontrolled related/analytical title | Short practice of surgery. |
| 942 ## - ADDED ENTRY ELEMENTS (KOHA) | |
| Item type | Book - Borrowing |
| Call number prefix | 617B1511 |
| Withdrawn status | Item status | Source of classification or shelving scheme | Damaged status | Not for loan | Home library | Current library | Shelving location | Date acquired | Source of acquisition | Total Checkouts | Full call number | Barcode | Date last seen | Koha item type |
|---|---|---|---|---|---|---|---|---|---|---|---|---|---|---|
| Dewey Decimal Classification | Central Library | Central Library | First floor | 03/05/2007 | Purchase | 617 BAI | 000030332 | 15/07/2025 | Book - Borrowing |